000 00542nam a22001817a 4500
003 KOHA_MİRAKIL
005 20251218081712.0
008 251218b tu ||||| |||| 00| 0 tur d
020 _a9786258459067
040 _aTR-AnABB
_btur
_cTR-AnABB
041 _atur
082 _a956.10153
_bBEL 2023
245 1 0 _aBelgelerle reisülküttaplık /
260 _aAnkara :
_bTürkiye Cumhuriyeti Cumhurbaşkanlığı Devlet Arşivleri Başkanlığı
_c2023
300 _a400 sayfa ;
_c28 cm
650 0 4 _aDevlet teşkilatı
942 _2ddc
_cBK
999 _c9740
_d9740
900 _bGizem YORULMAZ